000 00491nam a22001697a 4500
003 OSt
005 20250819061741.0
008 250819b |||||||| |||| 00| 0 eng d
020 _a1-57965-188-7.
040 _aDWC-Main Lib.
_cOC
100 _aSCHNEIDER, SALLY
245 _aA new way to cook
_cSCHNEIDER, SALLY
260 _aNew York :
_bArtisan,
_cc2001.
300 _axv, 739 pages :
_bcolor illustrations ;
_c24 cm.
504 _aIncludes index.
942 _2ddc
_cBK-CIRC
_hCirc.
_n0
999 _c4074
_d4074